The inclusion toolkit / (Record no. 22380)
[ view plain ]
| 000 -LEADER | |
|---|---|
| fixed length control field | 00719nam a2200193 a 4500 |
| 005 - DATE AND TIME OF LATEST TRANSACTION | |
| control field | 20140310183404.0 |
| 008 - FIXED-LENGTH DATA ELEMENTS--GENERAL INFORMATION | |
| fixed length control field | 121120s19uu xx 00 eng d |
| 020 ## - INTERNATIONAL STANDARD BOOK NUMBER | |
| International Standard Book Number | 9781849207607 |
| 050 ## - LIBRARY OF CONGRESS CALL NUMBER | |
| Classification number | LC 1203.G7 |
| Item number | .H47 2011 |
| 100 ## - MAIN ENTRY--PERSONAL NAME | |
| Personal name | Herbert, Sarah |
| 245 ## - TITLE STATEMENT | |
| Title | The inclusion toolkit / |
| Statement of responsibility, etc | Sarah Herbert. |
| 260 ## - PUBLICATION, DISTRIBUTION, ETC. (IMPRINT) | |
| Place of publication, distribution, etc | London : |
| Name of publisher, distributor, etc | SAGE, |
| Date of publication, distribution, etc | 2011. |
| 300 ## - PHYSICAL DESCRIPTION | |
| Extent | x, 106 p. : |
| Other physical details | ill. ; |
| Dimensions | 31 cm. |
| 500 ## - GENERAL NOTE | |
| General note | Includes bibliographical references and index |
| 520 ## - SUMMARY, ETC. | |
| Summary, etc | This book is aimed at the teacher who wishes to respond to the diversity of learning needs of children who are placed within their mainstream classroom, without teaching each child differently. |
| 521 ## - TARGET AUDIENCE NOTE | |
| Target audience note | |
| 942 ## - ADDED ENTRY ELEMENTS (KOHA) | |
| Koha item type | Books |
| Source of classification or shelving scheme | Library of Congress Classification |
| Call number prefix | Foreign |
| Withdrawn status | Lost status | Source of classification or shelving scheme | Damaged status | Home library | Current library | Shelving location | Date acquired | Source of acquisition | Cost, normal purchase price | Total Checkouts | Full call number | Barcode | Date last seen | Copy number | Price effective from | Koha item type |
|---|---|---|---|---|---|---|---|---|---|---|---|---|---|---|---|---|
| Library of Congress Classification | College Library | College Library | General Circulation Section | 11/20/2012 | Donation | 2424.00 | LC 1203.G7 .H47 2011 | C16334 | 05/15/2018 | 1 | 10/10/2013 | Books |